Chọn tạo và trồng cây cam quýt phẩm chất tốt, năng suất cao

Sách giúp bạn đọc tìm hiểu nguồn gốc, phân loại, đặc điểm thực vật, hình thái, yếu tố ngoại cảnh ảnh hưởng đến sinh trưởng, phát triển của cây cam quýt, chọn và nhân giống cam quýt.

Bewaard in:
Bibliografische gegevens
Hoofdauteur: Hoàng, Ngọc Thuận
Formaat: Boek
Taal:Undetermined
Gepubliceerd in: Hà Nội Nông Nghiệp 2002
Onderwerpen:
Tags: Voeg label toe
Geen labels, Wees de eerste die dit record labelt!
Thư viện lưu trữ: Trung tâm Học liệu Trường Đại học Cần Thơ
LEADER 00928nam a2200205Ia 4500
001 CTU_192185
008 210402s9999 xx 000 0 und d
020 |c 7500 
082 |a 634.3 
082 |b Th502 
100 |a Hoàng, Ngọc Thuận 
245 0 |a Chọn tạo và trồng cây cam quýt phẩm chất tốt, năng suất cao 
245 0 |c Hoàng Ngọc Thuận 
260 |a Hà Nội 
260 |b Nông Nghiệp 
260 |c 2002 
520 |a Sách giúp bạn đọc tìm hiểu nguồn gốc, phân loại, đặc điểm thực vật, hình thái, yếu tố ngoại cảnh ảnh hưởng đến sinh trưởng, phát triển của cây cam quýt, chọn và nhân giống cam quýt. 
650 |a Citrus fruit,Fruit trees,Cam quýt,Cây ăn trái 
904 |i Trúc sửa 
980 |a Trung tâm Học liệu Trường Đại học Cần Thơ